000 00596nam a2200181 a 4500
001 000665828
003 AM-YeHGA
005 20250617141747.0
008 090610s1964 ||| r 000 0 rus d
040 _aAM-YeHGA
041 0 _arus
100 1 _aВолодарский, Николай Абрамович
245 1 0 _aЭкзамен :
_bСтихи /
_cНиколай Володарский.
260 _aСыктывкар :
_bКоми кн. изд-во,
_c1964.
300 _a55 с. :
_bпортр.
653 0 _aРусская советская поэзия- (д. л.)
090 _c246333
999 _c244748
_d244748